书目信息 |
| 题名: |
波帕尔大提琴中级练习曲10首
|
|
| 作者: | 波帕尔 著 ;全如瑡 编订 | |
| 分册: | ||
| 出版信息: | 北京 人民音乐出版社 2002 |
|
| 页数: | 19页 | |
| 开本: | 31cm | |
| 丛书名: | ||
| 单 册: | ||
| 中图分类: | J657.231(514) , J657.231 | |
| 科图分类: | ||
| 主题词: | 大提琴--练习曲--捷克斯洛伐克--近代--选集 | |
| 电子资源: | ||
| ISBN: | 7-103-02280-1 | |
| 000 | 01146nam0 2200265 450 | |
| 000 | 01153nam0 2200265 450 | |
| 000 | 01077nam0 2200241 450 | |
| 000 | 01040nam0 2200229 45 | |
| 005 | 20070529103031.46 | |
| 010 | @a7-103-02280-1@dCNY8.50 | |
| 100 | @a20051101d2002 ekmy0chiy0120 ea | |
| 101 | 1 | @achi@ccze |
| 102 | @aCN@b110000 | |
| 105 | @agc z 000yy | |
| 200 | 1 | @a波帕尔大提琴中级练习曲10首@ABo Pa Er Da Ti Qin Zhong Ji Lian Xi Qu 10 Shou@e为学习《高级练习曲40首》作准备@EWei Xue Xi《 Gao Ji Lian Xi Qu 40 Shou》 Zuo Zhun Bei@e作品76@EZuo Pin 76@f(捷)大卫·波帕尔著@F( Jie ) Da Wei· Bo Pa Er Zhu@g全如瑡编订 |
| 210 | @a北京@c人民音乐出版社@d2002 | |
| 215 | @a19页@c乐谱, 肖像@d31cm | |
| 330 | @a波帕尔的演奏风格华丽、辉煌、脱俗,音色优美并富有弹性。他的技巧炉火纯青,在当时已是登峰造极,几乎无人能与他匹敌。他具有感人超凡的艺术魅力,使许多人为之倾倒。 | |
| 606 | 0 | @a大提琴@x练习曲@y捷克斯洛伐克@z近代@j选集 |
| 690 | @aJ657.231(514)@v4 | |
| 690 | @aJ657.231@v3 | |
| 701 | 1 | @a波帕尔@ABo Pa Er@b大卫@g(Popper, David)@4著 |
| 702 | 0 | @a全如瑡@AQuan Ru Shi@4编订 |
| 801 | 0 | @aCN@bFYSX@c20070529 |
| 905 | @a10447@dJ657.231@e381 | |
| 波帕尔大提琴中级练习曲10首:为学习《高级练习曲40首》作准备:作品76/(捷)大卫·波帕尔著/全如瑡编订.-北京:人民音乐出版社,2002 |
| 19页:乐谱, 肖像;31cm |
| ISBN 7-103-02280-1:CNY8.50 |
| 波帕尔的演奏风格华丽、辉煌、脱俗,音色优美并富有弹性。他的技巧炉火纯青,在当时已是登峰造极,几乎无人能与他匹敌。他具有感人超凡的艺术魅力,使许多人为之倾倒。 |
| ● |
| 相关链接 |
|
|
|
|
正题名:波帕尔大提琴中级练习曲10首
索取号:J657.231/381
 
预约/预借
| 序号 | 登录号 | 条形码 | 馆藏地/架位号 | 状态 | 备注 |
| 1 | 0511191 | 205111911 | 第一样本阅览室/ [索取号:J657.231/381] | 在馆 | |
| 2 | 0511192 | 205111920 | 第一借阅区/ [索取号:J657.231/381] | 在馆 | |
| 3 | 0511193 | 205111939 | 第一借阅区/ [索取号:J657.231/381] | 在馆 | |
| 4 | 0511194 | 205111948 | 第一借阅区/ [索取号:J657.231/381] | 在馆 | |
| 5 | 0511195 | 205111957 | 第一借阅区/ [索取号:J657.231/381] | 在馆 |